000 00598nam a2200193 a 4500
001 000011116
005 20240412074223.0
008 091014s19uu dr 001 0 spa d
040 _aDO-SdBNP
_bspa
_cBNPHU
082 _aRD861.44
_bP853c
100 1 _aPortorreal, Eulogio
_c(Coquito)
_926626
245 1 0 _aCien sonetos para mi patria / :
_bEugenio Portorreal.
260 _a[Santo Domingo?] :
_b[s. n.],
_c[199?].
300 _a109 p. ;
_c22 cm.
650 4 _aSonetos dominicanos
_910208
650 4 _aPoesía histórica dominicana
_923574
650 0 _aLiteratura dominicana.
_967
049 _aBNPD
999 _c10841
_d10841